Στερεότυπα και διακρίσεις φύλου στα σχολικά εγχειρίδια της αρχαίας ελληνικής γραμματείας : η περίπτωση της Αντιγόνης Σοφοκλέους : διπλωματική εργασία [μεταπτυχιακή εργασία]
Αποθηκεύτηκε σε:
| Κύριος συγγραφέας: | |
|---|---|
| Συγγραφή απο Οργανισμό/Αρχή: | |
| Άλλοι συγγραφείς: | |
| Μορφή: | Thesis Βιβλίο |
| Γλώσσα: | Greek |
| Δημοσίευση: |
2014
|
| Θέματα: | |
| Ετικέτες: |
Προσθήκη ετικέτας
Δεν υπάρχουν, Καταχωρήστε ετικέτα πρώτοι!
|
MARC
| LEADER | 00000cam a2200000 i 4500 | ||
|---|---|---|---|
| 001 | 1/58243 | ||
| 008 | 141016s2014 gre d | ||
| 035 | |l 10119490 | ||
| 040 | |a GR-MY-UA |b gre |e aacr | ||
| 041 | 0 | |a gre | |
| 082 | 0 | |a 379.263 |2 (22) | |
| 100 | 1 | |a Κατσίβελος, Βασίλειος. | |
| 245 | 1 | 0 | |a Στερεότυπα και διακρίσεις φύλου στα σχολικά εγχειρίδια της αρχαίας ελληνικής γραμματείας : |b η περίπτωση της Αντιγόνης Σοφοκλέους : διπλωματική εργασία [μεταπτυχιακή εργασία] / |c Κατσίβελος Βασίλειος ; επιβλέπων: Διονύσιος Γουβιάς |
| 260 | |c 2014 | ||
| 300 | |a 157 σ.; |b πίν.; |c 30 εκ. | ||
| 500 | |a Μέλη εξεταστικής επιτροπής: Δεληγιάννη Βασιλική, Μαραγκουδάκη Ελένη | ||
| 502 | # | # | |a Διατριβή (μεταπτυχιακή) – Πανεπιστήμιο Αιγαίου, Ρόδος, 2014. |
| 504 | |a Βιβλιογραφία: σ. 96-105 | ||
| 650 | 0 | 0 | |a Sexism in textbooks. |
| 650 | 0 | 0 | |a Greek drama. |
| 650 | 0 | 0 | |a Gender identity in education. |
| 650 | 0 | 0 | |a Gender identity. |
| 650 | 0 | 0 | |a Dissertations, Academic |z Greece. |
| 700 | 1 | |4 ths |a Γουβιάς, Διονύσης Σ. | |
| 710 | 1 | |a Πανεπιστήμιο Αιγαίου |b Σχολή Ανθρωπιστικών Επιστημών |b Τμήμα Επιστημών της Προσχολικής Αγωγής και του Εκπαιδευτικού Σχεδιασμού |b Πρόγραμμα Μεταπτυχιακών Σπουδών Φύλο και Νέα Εκπαιδευτικά και Εργασιακά Περιβάλλοντα στην Κοινωνία της Πληροφορίας. | |
| 852 | |a INST |b RHODES |c DIATR |e 20141016 |h 379.263 ΚΑΤ |p 005400037100 |q 005400037100 |t MTXE |y 23 | ||
| 852 | |a INST |b RHODES |c DIATR |e 20141016 |h 379.263 ΚΑΤ |p 005400037101 |q 005400037101 |t MTXE |y 23 | ||
| 901 | |a BIBL4-2014-3 | ||
| 909 | |a Ρ |b 183425 | ||
| 909 | |a Ρ |b 183426 | ||
| 924 | |a ΚΑΤΣΙΒΕΛΟΣ |b ΒΑΣΙΛΕΙΟΣ |y ΡΟΔΟΣ |z 2014-06 | ||
| 970 | |z 2014/10/16 | ||